<?xml version="1.0" encoding="UTF-8"?>
<record
    xmlns:xsi="http://www.w3.org/2001/XMLSchema-instance"
    xsi:schemaLocation="http://www.loc.gov/MARC21/slim http://www.loc.gov/standards/marcxml/schema/MARC21slim.xsd"
    xmlns="http://www.loc.gov/MARC21/slim">

  <leader>01574nam1a22003011i 4500</leader>
  <controlfield tag="001">rc\2909808</controlfield>
  <controlfield tag="005">20260407064004.0</controlfield>
  <datafield tag="035" ind1=" " ind2=" ">
    <subfield code="a">(NLR Aleph) 009036280</subfield>
  </datafield>
  <datafield tag="090" ind1=" " ind2=" ">
    <subfield code="a">9521814</subfield>
    <subfield code="c">9521814</subfield>
  </datafield>
  <datafield tag="100" ind1=" " ind2=" ">
    <subfield code="a">20110805d1933    |||y0rusy50      ca</subfield>
  </datafield>
  <datafield tag="101" ind1="1" ind2=" ">
    <subfield code="a">rus</subfield>
  </datafield>
  <datafield tag="102" ind1=" " ind2=" ">
    <subfield code="a">RU</subfield>
  </datafield>
  <datafield tag="105" ind1=" " ind2=" ">
    <subfield code="a">y   z   |||||</subfield>
  </datafield>
  <datafield tag="200" ind1="1" ind2=" ">
    <subfield code="a">&#x41F;&#x43E;&#x441;&#x43C;&#x435;&#x440;&#x442;&#x43D;&#x44B;&#x435; &#x437;&#x430;&#x43F;&#x438;&#x441;&#x43A;&#x438; &#x41F;&#x438;&#x43A;&#x43A;&#x432;&#x438;&#x43A;&#x441;&#x43A;&#x43E;&#x433;&#x43E; &#x43A;&#x43B;&#x443;&#x431;&#x430;</subfield>
    <subfield code="f">&#x427;&#x430;&#x440;&#x43B;&#x44C;&#x437; &#x414;&#x438;&#x43A;&#x43A;&#x435;&#x43D;&#x441;</subfield>
    <subfield code="g">&#x41F;&#x435;&#x440;. &#x410;.&#x412;. &#x41A;&#x440;&#x438;&#x432;&#x446;&#x43E;&#x432;&#x43E;&#x439; &#x438; &#x415;&#x432;&#x433;&#x435;&#x43D;&#x438;&#x44F; &#x41B;&#x430;&#x43D;&#x43D;&#x430;, &#x43F;&#x440;&#x438; &#x443;&#x447;&#x430;&#x441;&#x442;&#x438;&#x438; &#x438; &#x441; &#x43A;&#x43E;&#x43C;&#x43C;&#x435;&#x43D;&#x442;. &#x413;.&#x413;. &#x428;&#x43F;&#x435;&#x442;&#x430;</subfield>
  </datafield>
  <datafield tag="210" ind1=" " ind2=" ">
    <subfield code="a">[&#x41C;&#x43E;&#x441;&#x43A;&#x432;&#x430;]</subfield>
    <subfield code="c">Academia</subfield>
    <subfield code="d">1933</subfield>
    <subfield code="g">"&#x41E;&#x431;&#x440;&#x430;&#x437;&#x446;&#x43E;&#x432;&#x430;&#x44F;" &#x442;&#x438;&#x43F;.</subfield>
  </datafield>
  <datafield tag="215" ind1=" " ind2=" ">
    <subfield code="d">26&#x445;18 &#x441;&#x43C;</subfield>
  </datafield>
  <datafield tag="300" ind1=" " ind2=" ">
    <subfield code="a">&#x418;&#x43B;.: &#x412;.&#x410;. &#x41C;&#x438;&#x43B;&#x430;&#x448;&#x435;&#x432;&#x441;&#x43A;&#x438;&#x439;</subfield>
  </datafield>
  <datafield tag="300" ind1=" " ind2=" ">
    <subfield code="a">&#x414;&#x43E;&#x431;. &#x442;&#x438;&#x442;. &#x43B;.: "The posthumous papers of the Pickwick club by Charles Dickens. 1837"</subfield>
  </datafield>
  <datafield tag="700" ind1=" " ind2="1">
    <subfield code="8">rus</subfield>
    <subfield code="7">ca</subfield>
    <subfield code="a">&#x414;&#x438;&#x43A;&#x43A;&#x435;&#x43D;&#x441;</subfield>
    <subfield code="b">&#x427;.</subfield>
    <subfield code="f">1812-1870</subfield>
    <subfield code="g">&#x427;&#x430;&#x440;&#x43B;&#x437;</subfield>
    <subfield code="3">RU\NLR\AUTH\7713978</subfield>
    <subfield code="9">123656</subfield>
  </datafield>
  <datafield tag="702" ind1=" " ind2="1">
    <subfield code="4">730</subfield>
    <subfield code="a">&#x41A;&#x440;&#x438;&#x432;&#x446;&#x43E;&#x432;&#x430;</subfield>
    <subfield code="b">&#x410;. &#x412;.</subfield>
    <subfield code="c">&#x43F;&#x435;&#x440;&#x435;&#x432;&#x43E;&#x434;&#x447;&#x438;&#x43A;</subfield>
    <subfield code="f">1896-1958</subfield>
    <subfield code="g">&#x410;&#x43B;&#x435;&#x43A;&#x441;&#x430;&#x43D;&#x434;&#x440;&#x430; &#x412;&#x43B;&#x430;&#x434;&#x438;&#x43C;&#x438;&#x440;&#x43E;&#x432;&#x43D;&#x430;</subfield>
    <subfield code="9">153682</subfield>
    <subfield code="3">RU\NLR\AUTH\770153720</subfield>
  </datafield>
  <datafield tag="702" ind1=" " ind2="1">
    <subfield code="4">730</subfield>
    <subfield code="8">rus</subfield>
    <subfield code="7">ca</subfield>
    <subfield code="a">&#x41B;&#x430;&#x43D;&#x43D;</subfield>
    <subfield code="b">&#x415;. &#x41B;.</subfield>
    <subfield code="f">1896-1958</subfield>
    <subfield code="g">&#x415;&#x432;&#x433;&#x435;&#x43D;&#x438;&#x439; &#x41B;&#x44C;&#x432;&#x43E;&#x432;&#x438;&#x447;</subfield>
    <subfield code="3">RU\NLR\AUTH\77120192</subfield>
    <subfield code="9">103117</subfield>
  </datafield>
  <datafield tag="702" ind1=" " ind2="1">
    <subfield code="4">570</subfield>
    <subfield code="8">rus</subfield>
    <subfield code="7">ca</subfield>
    <subfield code="a">&#x428;&#x43F;&#x435;&#x442;</subfield>
    <subfield code="b">&#x413;. &#x413;.</subfield>
    <subfield code="f">1879-1937</subfield>
    <subfield code="g">&#x413;&#x443;&#x441;&#x442;&#x430;&#x432; &#x413;&#x443;&#x441;&#x442;&#x430;&#x432;&#x43E;&#x432;&#x438;&#x447;</subfield>
    <subfield code="3">RU\NLR\AUTH\7735963</subfield>
    <subfield code="9">18957</subfield>
  </datafield>
  <datafield tag="702" ind1=" " ind2="1">
    <subfield code="4">440</subfield>
    <subfield code="a">&#x41C;&#x438;&#x43B;&#x430;&#x448;&#x435;&#x432;&#x441;&#x43A;&#x438;&#x439;</subfield>
    <subfield code="b">&#x412;.&#x410;.</subfield>
    <subfield code="f">1893-1976</subfield>
    <subfield code="g">&#x412;&#x43B;&#x430;&#x434;&#x438;&#x43C;&#x438;&#x440; &#x410;&#x43B;&#x435;&#x43A;&#x441;&#x435;&#x435;&#x432;&#x438;&#x447;</subfield>
    <subfield code="3">RU\NLR\AUTH\7768708</subfield>
    <subfield code="9">51636</subfield>
  </datafield>
  <datafield tag="801" ind1=" " ind2="0">
    <subfield code="a">RU</subfield>
    <subfield code="b">NLR</subfield>
    <subfield code="g">psbo</subfield>
  </datafield>
  <datafield tag="801" ind1=" " ind2="1">
    <subfield code="a">RU</subfield>
    <subfield code="b">ELAR</subfield>
    <subfield code="2">rusmarc</subfield>
  </datafield>
  <datafield tag="801" ind1=" " ind2="2">
    <subfield code="a">RU</subfield>
    <subfield code="b">NLR</subfield>
    <subfield code="c">20130211</subfield>
    <subfield code="2">rusmarc</subfield>
  </datafield>
  <datafield tag="852" ind1=" " ind2=" ">
    <subfield code="a">NLR</subfield>
    <subfield code="j">33-19/562(1)</subfield>
  </datafield>
  <datafield tag="942" ind1=" " ind2=" ">
    <subfield code="c">BOOK</subfield>
  </datafield>
</record>
